Enzyme Dynamics and Regulation /

Salvato in:
Dettagli Bibliografici
Altri autori: Chock, P.Boon (Compilatore)
Natura: Libro
Lingua:inglese
Pubblicazione: New York : Springer Verlag, 1988
Tags: Aggiungi Tag
Nessun Tag, puoi essere il primo ad aggiungerne!!

MARC

LEADER 00000nam a22000003a 4500
001 stu18481
005 20150617225755.9
008 920406s1988----xxu-----------------eng-d
020 |a 0-387-96560-2 
040 |a STU  |b slo 
041 0 |a eng 
044 |a xxu 
080 |a 577.15.03 
100 1 |a Chock, P.Boon  |4 com 
245 1 |a Enzyme Dynamics and Regulation /  |c Edit. Chock,P.Boon 
260 |a New York :  |b Springer Verlag,  |c 1988 
300 |a 421 s :  |b Obr.,tab.,grafy,lit.,index 
996 |b C89439  |c C*89439  |l CCXV  |s P  |a 0  |w stu18481_0001